00248nam a2200097Ia 4500001000800000005001700008008004100025020001800066245004700084260001900131126858520260417145253.0260417s9999 xx 000 0 und d a9786256792135 0aDünyayı Gezen OyuncaklarcAziz Kadırga bKetebe Çocuk